Arrel : revista editada per la Diputació de Barcelona revista editada per la Diputació de Barcelona
Descripción Física:
3 vols. ; Il. ; 28 cm. ; periodicitat: trimestral (1981), bimestral (1982) i mensual (a partir de 1983)
MARC
| LEADER | 00000nas a2200000 a 4500 | ||
|---|---|---|---|
| 001 | 8160, 8161, 10258 | ||
| 003 | Arxiu | ||
| 005 | 20260326124741.0 | ||
| 008 | 160829s1981 xx 000 0 cat d | ||
| 008 | 160829s9999 xx 000 0 cat d | ||
| 017 | |a B 16299-1981 | ||
| 022 | |a 0211-562X | ||
| 245 | |a Arrel : |b revista editada per la Diputació de Barcelona | ||
| 260 | |a Barcelona : |b Servei de Premsa de la Diputació de Barcelona ; |c 1981- | ||
| 300 | |a 3 vols. ; Il. ; |c 28 cm. ; |b periodicitat: trimestral (1981), bimestral (1982) i mensual (a partir de 1983) | ||
| 310 | |a Mensual | ||
| 362 | |a Núm. 1 (abr./juny 1981) - | ||
| 590 | |a El 1981, trimestral ; el 1982, bimestral i el 1983, mensual. | ||
| 590 | |a Algun exemplar monogràfic. | ||
| 590 | |a Els 13 mapes de la revista núm. 5 es guarden amb els fulletons, amb el topogràfic FU-1-21. | ||
| 590 | |a Hi ha duplicats | ||
| 650 | |a Premsa comarcal |x Catalunya |x Revistes |9 39948 | ||
| 650 | |a Comarques |x Catalunya |x Revistes |9 39949 | ||
| 650 | 0 | |a Cultura catalana |v Revistes |9 10259 | |
| 710 | 1 | |a Barcelona (Catalunya : Província). |b Servei de Premsa |9 54967 | |
| 856 | 4 | |u https://media.diba.cat/diba/fitxers/arxiu/hemeroteca/arrel/10258/bib_10258_1987_n03_baixa.pdf |y Núm. 19 (desembre, 1987) | |
| 856 | 4 | |u https://media.diba.cat/diba/fitxers/arxiu/hemeroteca/arrel/10258/bib_10258_1987_n02_baixa.pdf |y Núm. 18 (abril, 1987) | |
| 856 | 4 | |u https://media.diba.cat/diba/fitxers/arxiu/hemeroteca/arrel/10258/bib_10258_1987_n01_baixa.pdf |y Núm. 17 (febrer, 1987) | |
| 856 | 4 | |u https://media.diba.cat/diba/fitxers/arxiu/hemeroteca/arrel/8160/bib_8160_1981_1984_n08_baixa.pdf |y Núm. 07 (març-abril, 1984) | |
| 856 | 4 | |u https://media.diba.cat/diba/fitxers/arxiu/hemeroteca/arrel/8160/bib_8160_1981_1984_n07_baixa.pdf |y Núm. 07 (gener-febrer, 1984) | |
| 856 | 4 | |u https://media.diba.cat/diba/fitxers/arxiu/hemeroteca/arrel/8160/bib_8160_1981_1984_n06_baixa.pdf |y Núm. 06 (octubre-desembre, 1983) | |
| 856 | 4 | |u https://media.diba.cat/diba/fitxers/arxiu/hemeroteca/arrel/8160/bib_8160_1981_1984_n05_baixa.pdf |y Núm. 05, monogràfic (abril-setembre, 1983) | |
| 856 | 4 | |u https://media.diba.cat/diba/fitxers/arxiu/hemeroteca/arrel/8160/bib_8160_1981_1984_n04_baixa.pdf |y Núm. 04 (octubre 1982-març 1983) | |
| 856 | 4 | |u https://media.diba.cat/diba/fitxers/arxiu/hemeroteca/arrel/8160/bib_8160_1981_1984_n03_baixa.pdf |y Núm. 03, extraordinari (abril-setembre, 1982) | |
| 856 | 4 | |u https://media.diba.cat/diba/fitxers/arxiu/hemeroteca/arrel/8160/bib_8160_1981_1984_n02_baixa.pdf |y Núm. 02 (gener-abril, 1982) | |
| 856 | 4 | |u https://media.diba.cat/diba/fitxers/arxiu/hemeroteca/arrel/8160/bib_8160_1981_1984_n01_baixa.pdf |y Núm. 01 (abril-juny, 1981) | |
| 856 | 4 | |u https://media.diba.cat/diba/fitxers/arxiu/hemeroteca/arrel/8161/bib_8161_1984_1986_n07_baixa.pdf |y bib_8161_1984_1986_baixa.pdf | |
| 856 | 4 | |u https://media.diba.cat/diba/fitxers/arxiu/hemeroteca/arrel/8161/bib_8161_1984_1986_n06_baixa.pdf |y bib_8161_1984_1986_baixa.pdf | |
| 856 | 4 | |u https://media.diba.cat/diba/fitxers/arxiu/hemeroteca/arrel/8161/bib_8161_1984_1986_n05_baixa.pdf |y bib_8161_1984_1986_baixa.pdf | |
| 856 | 4 | |u https://media.diba.cat/diba/fitxers/arxiu/hemeroteca/arrel/8161/bib_8161_1984_1986_n04_baixa.pdf |y bib_8161_1984_1986_baixa.pdf | |
| 856 | 4 | |u https://media.diba.cat/diba/fitxers/arxiu/hemeroteca/arrel/8161/bib_8161_1984_1986_n03_baixa.pdf |y bib_8161_1984_1986_baixa.pdf | |
| 856 | 4 | |u https://media.diba.cat/diba/fitxers/arxiu/hemeroteca/arrel/8161/bib_8161_1984_1986_n02_baixa.pdf |y bib_8161_1984_1986_baixa.pdf | |
| 856 | 4 | |u https://media.diba.cat/diba/fitxers/arxiu/hemeroteca/arrel/8161/bib_8161_1984_1986_n01_baixa.pdf |y bib_8161_1984_1986_baixa.pdf | |
| 856 | 4 | |u https://media.diba.cat/diba/fitxers/arxiu/hemeroteca/arrel/8161/bib_8161_1984_1986_baixa.pdf |y bib_8161_1984_1986_baixa.pdf | |
| 856 | 4 | ||
| 856 | 4 | ||
| 856 | 4 | ||
| 856 | 4 | ||
| 856 | 4 | ||
| 856 | 4 | ||
| 856 | 4 | ||
| 856 | 4 | ||
| 856 | 4 | |y bib_8160_1981_1984_n08_baixa.pdf | |
| 856 | 4 | |y bib_8160_1981_1984_n07_baixa.pdf | |
| 856 | 4 | |y bib_8160_1981_1984_n06_baixa.pdf | |
| 856 | 4 | |y bib_8160_1981_1984_n05_baixa.pdf | |
| 856 | 4 | |y bib_8160_1981_1984_n04_baixa.pdf | |
| 856 | 4 | |y bib_8160_1981_1984_n03_baixa.pdf | |
| 856 | 4 | |y bib_8160_1981_1984_n02_baixa.pdf | |
| 856 | 4 | |y bib_8160_1981_1984_n01_baixa.pdf | |
| 856 | 4 | |y bib_8160_1981_1984_baixa.pdf | |
| 866 | |a Any 1981 (núm. 1) | ||
| 866 | |a Any 1982 (núms. 2, 3 i 4) | ||
| 866 | |a Any 1983 (núms. 4, 5 i 6) | ||
| 866 | |a Any 1984 (núms. 7 i 9) | ||
| 866 | |a Any 1985 (núms. 10, 11 i 12) | ||
| 866 | |a Any 1986 (núms. 13, 14 i 15-16) | ||
| 866 | |a Any 1987 (núms. 17, 18 i 19) | ||
| 901 | |a Arxiu | ||
| 942 | |n 1 |2 udc |c REV | ||
| 952 | |0 0 |1 0 |2 udc |4 0 |7 1 |9 49313 |a Arxiu |b Arxiu |d 2016-12-01 |h Núm. 01 (abril-juny, 1981) -- Núm. 08 (març-abril, 1984) |o Rev-93 |p 8160 |r 2016-12-01 00:00:00 |w 2016-12-01 |y ARXIU | ||
| 952 | |0 0 |1 0 |2 udc |4 0 |7 1 |9 61759 |a Arxiu |b Arxiu |d 2022-05-17 |h Núm. 09 (desembre, 1984) -- Núm. 15-16 (octubre, 1986) |o Rev-94 |p 8161 |r 2022-05-17 00:00:00 |w 2022-05-17 |y ARXIU |z Número doble monogràfic Jocs Olímpics Barcelona 92 (Núm. 15-16). | ||
| 952 | |0 0 |1 0 |4 0 |6 REV95 |7 1 |9 61760 |a Arxiu |b Arxiu |d 2022-05-17 |h Núm. 17 (febrer, 1987) -- Núm. 19 (desembre, 1987) |l 0 |o Rev-95 |p 10258 |r 2022-05-17 00:00:00 |w 2022-05-17 |y ARXIU | ||
| 952 | |0 0 |1 0 |4 0 |6 REV2068 |7 1 |9 66172 |a Arxiu |b Arxiu |d 2023-04-19 |h Núm. 2 (gener-abril 1982) - Núm. 19 (desembre 1987) |l 0 |o Rev-2068 |p 27736 |r 2023-04-19 00:00:00 |w 2023-04-19 |y ARXIU |z Duplicats | ||
| 999 | |c 53155 |d 53155 | ||
| 655 | |a Revistes |9 55823 | ||